000 00346nam a2200145Ia 4500
008 150201s1999 xx 000 0 und d
082 _a611
_bS1999D
100 _aG.A.DEO PLESSIS
245 _aSURGICAL ANATOMY
250 _a12TH
260 _bVARGHESE PUBLISHING HOUSE
_aBOMBAY
_c1999
300 _a1-626
650 _aANATOMY
942 _2ddc
_cBK
999 _c2569
_d2569